000 00640nam a22002057a 4500
005 20260602105723.0
010 _aENG-148696
020 _a9789386473141
_c295.00
035 _aEN-132228
037 _bDBAD
082 _a954.11
100 _aKoul, Bill K
_989250
245 _a22 Years A Kashmir Story/
_cBill K Koul
250 _a1
260 _aNew Delhi
_bVitasta Publishing Pvt Ltd
_c2018
270 _a2/15, Ansari Road daryaganj,
_bNew Delhi
_e110002
_minfo@vitastapublishing.com
300 _a210p.
_c21cm(pb)
500 _aOne Lak Pandit Families May Have One Lakh Stories
942 _2ddc
_cEN
_h954.11
_mKOU
999 _c216444
_d216444